| 000 | 00741nam a2200253 a 4500 | ||
|---|---|---|---|
| 001 | BRCA_7356 | ||
| 005 | 20190320205816.0 | ||
| 008 | 230213s1950----u--a######---#000-0#eng-# | ||
| 041 | _aeng | ||
| 044 | _au | ||
| 050 | 4 |
_aNK5112 _b.L44 1950 |
|
| 100 | 1 |
_aLee, Ruth Webb _918180 |
|
| 245 | 1 | 0 |
_aAntique fakes & reproductions _cRuth Webb Lee. |
| 250 | _a3 | ||
| 260 |
_aNorthborough, Mass. _bR. W. Lee _cc1950 |
||
| 300 |
_axviii, 317 p. _bil., 166 láminas |
||
| 500 | _aQ27 | ||
| 650 | 1 | 4 |
_aCristalería _zEstados Unidos _92701 |
| 650 | 1 | 4 |
_aCristalería _xColeccionistas y colecciones _918181 |
| 650 | 1 | 4 |
_aArte _xColeccionistas y colecciones _97445 |
| 650 | 1 | 4 |
_aFalsificación de obras de arte _97762 |
| 902 | _aGFM | ||
| 942 |
_2lcc _cB |
||
| 999 |
_c7032 _d7032 |
||